Frederick Wight (Record no. 11997)

MARC details
000 - LÍDER
campo de control de longitud fija 01566nam a2200253Ia 4500
008 - ELEMENTOS DE DATOS DE LONGITUD FIJA - INFORMACIÓN GENERAL
campo de control de longitud fija 0000002005 usad 0000000000eng00
020 ## - INTERNATIONAL STANDARD BOOK NUMBER
International Standard Book Number 097494212X
090 ## - NÚMERO DE LLAMADA DE TIPO LC LOCALMENTE ASIGNADO (OCLC)
Número de clasificación (OCLC) (R) PUS00 H66f
100 1# - ENTRADA PRINCIPAL - NOMBRE PERSONAL
Nombre de la persona Hopkins, Henry T.
245 10 - TÍTULO DECLARACIÓN
Título Frederick Wight
Resto del título : visions of California
Declaración de responsabilidad / text by Henry T. Hopkins ; essay by Susan C. Larsen ; photography Ed Glendinning
260 ## - PUBLICACIÓN, DISTRIBUCIÓN
Lugar de publicación West Hollywood : Louis Stern Fine Arts
Fecha de publicación 2005
300 ## - DESCRIPCIÓN FÍSICA
Alcance 96 p.
Dimensiones / 28 cm.
500 ## - NOTA GENERAL
Nota general Exposición realizada en Louis Stern Fine Arts, Hollywood, abril 16 mayo 28, 2005 \ Proyecto Ganador Programa Apoyos Concertados FGAA 2010
505 ## - NOTA DE CONTENIDO FORMATEADA
Nota sobre el contenido formateado OBRAS : Three palms Orchid cactus Graptopetalum San Gorgonio Two palms, evening II Palms dusk The garden The new tree Monte Rosa and three palms Short night Morning hours Suddenly afternoon Succulent Four palms and a mountain Entrance to the ranch Blue islands Desert morning Tame palms Looking west Returning day Santa Ana blowing Midwinter Spring Pacific SiX palms Toward morning Garden Plants on patio Eclipse Meditation on mating School of clouds Eight Washingtonians and three moons Washingtonians Mature palms Band
600 00 - ENTRADA DE SUJETO AÑADIDO - NOMBRE PERSONAL
Nombre de la persona WIGHT, FREDERICK S., 19021986/
Subdivisión general TRABAJOS PICTORICOS
650 14 - ENTRADA DE SUJETO AÑADIDO - TÉRMINO TÓPICO
Término tópico o elemento de entrada del nombre geográfico ARTE CONTEMPORANEO ESTADOUNIDENSE
650 14 - ENTRADA DE SUJETO AÑADIDO - TÉRMINO TÓPICO
Término tópico o elemento de entrada del nombre geográfico ARTISTAS PLASTICOS ESTADOUNIDENSES
650 14 - ENTRADA DE SUJETO AÑADIDO - TÉRMINO TÓPICO
Subdivisión general CATALOGOS
650 14 - ENTRADA DE SUJETO AÑADIDO - TÉRMINO TÓPICO
Subdivisión general EXPOSICIONES
650 14 - ENTRADA DE SUJETO AÑADIDO - TÉRMINO TÓPICO
Término tópico o elemento de entrada del nombre geográfico PINTORES ESTADOUNIDENSES
650 14 - ENTRADA DE SUJETO AÑADIDO - TÉRMINO TÓPICO
Término tópico o elemento de entrada del nombre geográfico PINTURA AL OLEO
650 14 - ENTRADA DE SUJETO AÑADIDO - TÉRMINO TÓPICO
Término tópico o elemento de entrada del nombre geográfico PINTURA ESTADOUNIDENSE
700 1# - ENTRADA AGREGADA - NOMBRE PERSONAL
Nombre de la persona Larsen, Susan C. \ Glendinning, Ed
Holdings
Estado de retirada Pérdida de estatus Estado dañado No para préstamo Código de recogida Ubicación permanente Ubicación actual Ubicación de las estanterías Fecha de adquisición Número de llamada completo Código de barras Fecha de la última vez que se vio Número de copia Precio efectivo desde Tipo de artículo Koha
        General ArtNexus ArtNexus General 06/09/2022 P-US-00 H66F 12118 06/09/2022 Ej.1 06/09/2022 Libro

Powered by Koha